000 00990nam0a22002531 4500
001 rc\2776658
005 20250806204852.0
035 _a(NLR Aleph) 006902944
090 _a30255
_c30255
100 _a20110915d1941 u y0rusy50 ca
101 0 _arus
102 _aRU
105 _aa z |||||
200 1 _aНаряд-заказ на лесозаготовительные и сплавные работы
_fНар. ком. лесной промышленности СССР. Планово-экон. отд. Фин. отд. и Центр. бухгалтерия
210 _aМосква
_cГослестехиздат
_d1941
215 _a54, [2] с.
_cтабл.
_d21 см.
710 0 1 _aСССР
_bНародный ком. лесной промышленности
801 0 _aRU
_bNLR
_gpsbo
801 1 _aRU
_bELAR
_2rusmarc
852 _aNLR
_jЭк50 Г-4/52
942 _cBOOK
945 _aРоссийская национальная библиотека
980 _aNB
980 _aBV